000 00424nam a2200181Ia 4500
003 0100
008 130303s9999 xx 000 0 und d
040 _cARRUPELIB
050 _aBF81.C3 1967
100 _aCapretta, Patrick J.
245 2 _aA history of psychology in outline
260 _aNew York
260 _bDell Publishing Company
260 _C1967
300 _axiv
300 _b 226p. 21cm.
942 0 0 _01
999 _c37088
_d37088